Normal view
MARC view
- ETNOPSICOLOGIA
Entry Materia
001 - NÚMERO DE CONTROL DEL REGISTRO
- campo de control: 17685
003 - IDENTIFICADOR DE NUMERO DE CONTROL
- campo de control: UPN
005 - FECHA Y HORA DE LA ÚLTIMA TRANSACCIÓN
- campo de control: 20210219193859.0
008 - DATOS DE LONGITUD FIJA
- campo de control de longitud fija: nabaccnnaabn|||||||||| b |nc|||||d
035 ## - NÚMERO DE CONTROL DEL SISTEMA
- Número de control del sistema: UPN10000017693
040 ## - FUENTE DE LA CATALOGACIÓN
- Lengua de catalogación: SPA
- Agencia de transcripción: UPN
053 #4 - NÚMERO CLASIFICADOR - BIBLIOTECA DEL CONGRESO (LC)
- Elemento numérico de la clasificación - Número único o no. inicial del rango: GN270
- Elemento numérico de la clasificación - Número único o no. final del rango: GN279
- Frase explicativa: Psicología racial
053 #4 - NÚMERO CLASIFICADOR - BIBLIOTECA DEL CONGRESO (LC)
- Elemento numérico de la clasificación - Número único o no. inicial del rango: GN502
- Elemento numérico de la clasificación - Número único o no. final del rango: GN517
- Frase explicativa: Antropología psicológica
150 ## - ENCABEZAMIENTO - TEMÁTICO
- Término de materia o nombre geográfico como elemento inicial: ETNOPSICOLOGIA
450 ## - VÉASE - MATERIA
- Encabezamiento temático: Antropología psicológica
670 ## - FUENTE EN LA QUE SE LOCALIZARON DATOS
- Cita de la fuente: E/LC
902 ## - CATALOGADOR
- Catalogador: MMA/130297
